Guide to company law procedures : (Record no. 98124)

MARC details
000 -LEADER
fixed length control field 01388nam a22002777a 4500
005 - DATE AND TIME OF LATEST TRANSACTION
control field 20160119135300.0
010 ## - LCCN (DPL NO)
LC control number ENG-114477-480
020 ## - INTERNATIONAL STANDARD BOOK NUMBER
International Standard Book Number 9789351435594
Terms of availability 9950.00 (set price)
020 ## - INTERNATIONAL STANDARD BOOK NUMBER
International Standard Book Number 9789351435600 (v.1)
Terms of availability 9950.00 (set price)
020 ## - INTERNATIONAL STANDARD BOOK NUMBER
International Standard Book Number 9789351435617 (v.2)
Terms of availability 9950.00 (set price)
020 ## - INTERNATIONAL STANDARD BOOK NUMBER
International Standard Book Number 9789351435624 (v.3)
Terms of availability 9950.00 (set price)
020 ## - INTERNATIONAL STANDARD BOOK NUMBER
International Standard Book Number 9789351435631 (v.4)
Terms of availability 9950.00 (set price)
035 ## - SYSTEM CONTROL NUMBER
System control number EN-98009-012
037 ## - SOURCE OF ACQUISITION
Source of stock number/acquisition DBAD/PUB
082 ## - DEWEY DECIMAL CLASSIFICATION NUMBER
Classification number 346.54066
100 ## - MAIN ENTRY--PERSONAL NAME
Personal name Bhandari, M.C.
245 ## - TITLE STATEMENT
Title Guide to company law procedures :
Statement of responsibility, etc by M.C. Bhandari
Remainder of title procedures, rules, compliances and governance under the Companies Act, 2013 /
250 ## - EDITION STATEMENT
Edition statement 23rd ed
260 ## - PUBLICATION, DISTRIBUTION, ETC. (IMPRINT)
Place of publication, distribution, etc Gurgaon
Name of publisher, distributor, etc LexisNexis
Date of publication, distribution, etc 2015
270 ## - ADDRESS
Address 14th Floor, Building No.10, Tower-B, DLF Cyber City, Phase-II
City Gurgaon
Postal code 122002
300 ## - PHYSICAL DESCRIPTION
Extent 4V.(liii,2495p.; cxii,1693p.; cii,1495p.; xxxix,1408p.)
Dimensions 25cm(Hb)
500 ## - GENERAL NOTE
General note Includes index
505 ## - FORMATTED CONTENTS NOTE
Formatted contents note v.1-Procedures under the companies act. 2013 and regulations issued by SEBI, RBI and other regulatory bodies.<br/>v.2-Company resolutions, agenda and meetings, notices and minutes.<br/>v.3 contains filing of e-forms, returns, applications and petitions<br/>v.4 contains company precedents, agreements, deeds and documentation with practice notes.<br/>
650 ## - SUBJECT ADDED ENTRY--TOPICAL TERM
Topical term or geographic name as entry element Corporation law
Geographic subdivision India.
942 ## - ADDED ENTRY ELEMENTS (KOHA)
Source of classification or shelving scheme Dewey Decimal Classification
Item type English Books
Call number suffix BHA
Classification part 346.54066
Holdings
Withdrawn status Lost status Materials specified (bound volume or other part) Not for loan Collection code Home library Current library Date acquired Source of acquisition Cost, normal purchase price Full call number Barcode Copy number Cost, replacement price Koha item type
    v.1 Not For Loan Non-fiction D.B.Act.Division D.B.Act.Division 09/11/2015 DBAD/PUB 9950.00 346.54066 BHA EN-98009 1 9950.00 English Books
    v.2 Not For Loan Non-fiction D.B.Act.Division D.B.Act.Division 09/11/2015 DBAD/PUB 9950.00 346.54066 BHA EN-98010 1 9950.00 English Books
    v.3 Not For Loan Non-fiction D.B.Act.Division D.B.Act.Division 09/11/2015 DBAD/PUB 9950.00 346.54066 BHA EN-98011 1 9950.00 English Books
    v.4 Not For Loan Non-fiction D.B.Act.Division D.B.Act.Division 09/11/2015 DBAD/PUB 9950.00 346.54066 BHA EN-98012 1 9950.00 English Books

© Delhi Public Library
Hit Counter
free hit counter